| 000 | 00343nam a2200133Ia 4500 | ||
|---|---|---|---|
| 005 | 20260328104344.0 | ||
| 008 | 260328s9999||||xx |||||||||||||| ||und|| | ||
| 100 | _aBerger, John | ||
| 245 | 0 |
_aAlgunos pasos Hacia una pequeña Teoría de lo visible / _cJohn Berger |
|
| 260 | _bInterzona | ||
| 300 | _a71 p. | ||
| 650 | _aTEORÍA | ||
| 942 | _cBK | ||
| 999 |
_c12238 _d12238 |
||